UNICEF pomáha znižovať úmrtnosť detí

Znížiť detskú úmrtnosť ako štvrtý cieľ rozvojovej pomoci. Ukazovatele plnenia tohto cieľa. SlovakAid a zníženie úmrtnosti detí a žien. Zdravotnícka pomoc zastúpenia UNICEF na Slovensku.

Salvato in:
Dettagli Bibliografici
Autore principale: Beňová, Anna
Natura: Capitolo di libro
Lingua:slovacco
Soggetti:
Tags: Aggiungi Tag
Nessun Tag, puoi essere il primo ad aggiungerne!!

MARC

LEADER 00000naa a2200000 4500
001 0121193
005 20231018093810.2
041 0 |a slo 
044 |a SK 
245 1 0 |a UNICEF pomáha znižovať úmrtnosť detí  |c Anna Beňová 
520 |a Znížiť detskú úmrtnosť ako štvrtý cieľ rozvojovej pomoci. Ukazovatele plnenia tohto cieľa. SlovakAid a zníženie úmrtnosti detí a žien. Zdravotnícka pomoc zastúpenia UNICEF na Slovensku. 
610 2 0 |a pomoc medzinárodná 
610 2 0 |a pomoc rozvojová 
610 2 0 |a projekty 
610 2 0 |a úmrtnosť 
610 2 0 |a deti 
610 2 0 |a ženy 
610 2 0 |a zdravotníctvo 
610 2 0 |a zdravie 
610 2 0 |a organizácie medzinárodné 
610 2 0 |a Detský fond Spojených národov 
610 2 0 |a Afrika 
610 2 0 |a Slovensko 
100 1 |a Beňová, Anna